Kuwait from reconstruction to accumulation for future generations
Saved in:
| Format: | Book |
|---|---|
| Language: | English |
| Published: |
Washington
International Monetary Fund
1997
|
| Edition: | 1. ed. |
| Series: | Occasional paper
No. 150 |
| Subjects: | |
| Tags: |
No Tags, Be the first to tag this record!
|
MARC
| LEADER | 00000nam a2200000 4500 | ||
|---|---|---|---|
| 001 | c021415 | ||
| 005 | 20221214071259.0 | ||
| 020 | |a 1-55775-623-6 | ||
| 041 | 0 | |a eng | |
| 044 | |a US | ||
| 245 | 1 | 0 | |a Kuwait |b from reconstruction to accumulation for future generations |
| 250 | |a 1. ed. | ||
| 264 | 1 | |a Washington |b International Monetary Fund |c 1997 | |
| 300 | |a 52 s. | ||
| 490 | 1 | |a Occasional paper |v No. 150 | |
| 830 | 0 | |a Occasional paper |v No. 150 | |
| 610 | 2 | 0 | |a politika hospodárska |
| 610 | 2 | 0 | |a rekonštrukcia |
| 610 | 2 | 0 | |a rehabilitácia |
| 610 | 2 | 0 | |a politika finančná |
| 610 | 2 | 0 | |a trh finančný |
| 610 | 2 | 0 | |a trh práce |
| 610 | 2 | 0 | |a rozpočty |
| 610 | 2 | 0 | |a politika fiškálna |
| 610 | 2 | 0 | |a reformy |
| 610 | 2 | 0 | |a sektor súkromný |
| 610 | 2 | 0 | |a výdavky |
| 610 | 2 | 0 | |a výroba |
| 610 | 2 | 0 | |a obchod |
| 610 | 2 | 0 | |a reštaurácie |
| 610 | 2 | 0 | |a hotely |
| 610 | 2 | 0 | |a spotreba |
| 610 | 2 | 0 | |a politika peňažná |
| 610 | 2 | 0 | |a miera úroková |
| 610 | 2 | 0 | |a likvidita |
| 610 | 2 | 0 | |a riadenie |
| 610 | 2 | 0 | |a regulácia |
| 610 | 2 | 0 | |a dlhy |
| 610 | 2 | 0 | |a príjmy |
| 610 | 2 | 0 | |a úver |
| 610 | 2 | 0 | |a peniaze |
| 610 | 2 | 0 | |a Kuvajt |